000
00312nam a2200121Ia 4500
005
20260326235442.0
008
260326s9999||||xx |||||||||||||| ||und||
100
_a
Mendes da Rocha, Paulo
245
0
_a
Paulo Mendes da Rocha /
_c
Paulo Mendes da Rocha
260
_b
Cosac Naify
650
_a
ARQUITECTOS
942
_c
BK
999
_c
7447
_d
7447